Measuring the Efficiency of High-Quality Development in the Yangtze River Basin A DEA-SBM Approach and Convergence Analysis
| Szerző: | |
|---|---|
| Dokumentumtípus: | Diplomadolgozat |
| Megjelent: |
2025-07-15
|
| Tárgyszavak: | |
| doi: | 10.70616/BGE.2025.003 |
| Kulcsszavak: | High-quality economy energy economic transformation PCA-SBM model regression model the Yangtze River Basin, China’s 14th Five-Year Plan of China convergence analysis technical efficiency pure technical efficiency scale efficiency |
| Online Access: | http://publikaciotar.uni-bge.hu/2590 |
MARC
| LEADER | 00000nta a2200000 i 4500 | ||
|---|---|---|---|
| 001 | publ2590 | ||
| 005 | 20260126094346.0 | ||
| 008 | 260121s2025 hu om 000 zxx d | ||
| 024 | |a 10.70616/BGE.2025.003 |2 doi | ||
| 040 | |a BGE Publikációtár Repozitórium |b hun | ||
| 100 | 1 | |a Rurong Chen | |
| 245 | 1 | 0 | |a Measuring the Efficiency of High-Quality Development in the Yangtze River Basin |b A DEA-SBM Approach and Convergence Analysis |c Rurong Chen |h [elektronikus dokumentum] |
| 260 | |c 2025-07-15 | ||
| 300 | |a 125 | ||
| 650 | 4 | |a közgazdaságtudományok | |
| 695 | |a High-quality economy | ||
| 695 | |a energy economic transformation | ||
| 695 | |a PCA-SBM model | ||
| 695 | |a regression model | ||
| 695 | |a the Yangtze River Basin, | ||
| 695 | |a China’s 14th Five-Year Plan of China | ||
| 695 | |a convergence analysis | ||
| 695 | |a technical efficiency | ||
| 695 | |a pure technical efficiency | ||
| 695 | |a scale efficiency | ||
| 856 | 4 | 0 | |u https://publikaciotar.uni-bge.hu/id/eprint/2590/1/PHD_Dissertation_Chen_Rurong%20%281%29.pdf |z Dokumentum-elérés |
| 856 | 4 | 0 | |u https://publikaciotar.uni-bge.hu/id/eprint/2590/2/Thesis_booklet_Chen%20Rurong.pdf |z Dokumentum-elérés |